000 00448nam a22001817a 4500
003 OSt
005 20211109093350.0
008 211109b |||||||| |||| 00| 0 eng d
020 _a0582450853
040 _cHAWASSA UNIVERSITY
050 _a636.08926/HUN
_b2
082 _a636.08926/HUN
_b2
100 _aHUNTER R.H.F.
_917395
245 _aREPRODUCTION OF FARM ANIMALS
260 _aLONDON
_bYORK
_c1982
300 _a149
942 _2ddc
_cBOOKS
_n0
999 _c17216
_d17216